header

The Risorgimento (Record no. 93284)

MARC details
000 -LEADER
fixed length control field 01156nam a2200301 a 4500
100 1# - MAIN ENTRY--AUTHOR NAME
Personal name Chapman, Tim.
245 14 - TITLE STATEMENT
Title The Risorgimento
260 ## - PUBLICATION, DISTRIBUTION, ETC. (IMPRINT)
Place of publication Tirril [England] ;
-- Penrith, Calif. :
Name of publisher Humanities-Ebooks,
Year of publication 2008.
300 ## - PHYSICAL DESCRIPTION
Number of Pages 85 p.
490 0# - SERIES STATEMENT
Series statement History insights
856 40 - ELECTRONIC LOCATION AND ACCESS
Uniform Resource Identifier http://site.ebrary.com/lib/rucke/Doc?id=10567293

No items available.

© 2026 Rongo University
Contact us: librarian | system librarian | Rongo university